000 00356nam a2200145Ia 4500
008 230711s9999||||xx |||||||||||||| ||und||
041 _aENG
082 _a624
_bSO-S
100 _aSoctz,AS
245 0 _aSoil mechanics design manual
250 _a1st
260 _c1988
_aNew delhi
_bScientific Publication Ltd,
650 _aCivil Engineering
942 _cBK
999 _c1185
_d1185